[Event "ROM-chT"]
[Site "Sovata"]
[Date "2018.11.29"]
[Round "6.3"]
[White "Moldovan, Daniel"]
[Black "Anton, Teodor"]
[Result "1/2-1/2"]
[WhiteElo "2406"]
[BlackElo "2431"]
[PlyCount "37"]
[EventDate "2018.11.24"]
[EventType "team-tourn"]
[EventRounds "9"]
[EventCountry "ROU"]
[SourceTitle "CBM 187 Extra"]
[Source "ChessBase"]
[SourceDate "2018.11.04"]
[SourceVersion "1"]
[SourceVersionDate "2018.11.04"]
[SourceQuality "1"]
[WhiteTeam "Ploiesti Universitar"]
[BlackTeam "Timisoara Medicina"]
[WhiteTeamCountry "ROU"]
[BlackTeamCountry "ROU"]

1. c4 c5 2. Nf3 Nc6 3. d4 cxd4 4. Nxd4 e5 5. Nb5 a6 6. Nd6+ Bxd6 7. Qxd6 Qf6 8. Qxf6 Nxf6 9. Bd2 d6 10. Nc3 Be6 11. e4 Ke7 12. Rc1 Rhc8 13. Nd5+ Bxd5 14. cxd5 Nd4 15. Bd3 Rxc1+ 16. Bxc1 Rc8 17. Be3 Nc2+ 18. Kd2 Nxe3 19. Kxe3 1/2-1/2

[Event "ROM-chT"]
[Site "Sovata"]
[Date "2018.11.26"]
[Round "3.2"]
[White "Moldovan, Daniel"]
[Black "Nevednichy, Vladislav"]
[Result "0-1"]
[WhiteElo "2406"]
[BlackElo "2529"]
[PlyCount "78"]
[EventDate "2018.11.24"]
[EventType "team-tourn"]
[EventRounds "9"]
[EventCountry "ROU"]
[SourceTitle "CBM 187 Extra"]
[Source "ChessBase"]
[SourceDate "2018.11.04"]
[SourceVersion "1"]
[SourceVersionDate "2018.11.04"]
[SourceQuality "1"]
[WhiteTeam "Ploiesti Universitar"]
[BlackTeam "Iasi Politehnica"]
[WhiteTeamCountry "ROU"]
[BlackTeamCountry "ROU"]

1. d4 Nf6 2. Nf3 e6 3. c4 d5 4. Nc3 Nbd7 5. cxd5 exd5 6. Bg5 Be7 7. e3 c6 8. Bd3 0-0 9. 0-0 Re8 10. Qc2 Nf8 11. Ne5 Ng4 12. Bxe7 Qxe7 13. Nxg4 Bxg4 14. Bf5 Bxf5 15. Qxf5 Qd6 16. Rfe1 Re6 17. Rad1 Rae8 18. a3 Nd7 19. Qd3 Nf6 20. f3 Qe7 21. Kf2 h5 22. Re2 h4 23. Rde1 Nh5 24. Qf5 g6 25. Qh3 f5 26. g3 hxg3+ 27. hxg3 Kg7 28. Qh4 Nf6 29. Rh1 Kf7 30. Qh6 g5 31. Kg2 Rg8 32. Nd1 Ke8 33. Nf2 Kd8 34. Nd3 Kc8 35. Ne5 Nd7 36. Qh7 Qxh7 37. Rxh7 Nxe5 38. dxe5 Rxe5 39. Rf7 Rge8 0-1

[Event "ROM-chT"]
[Site "Sovata"]
[Date "2018.11.25"]
[Round "2.5"]
[White "Jianu, Vlad Cristian"]
[Black "Moldovan, Daniel"]
[Result "1-0"]
[WhiteElo "2546"]
[BlackElo "2406"]
[PlyCount "107"]
[EventDate "2018.11.24"]
[EventType "team-tourn"]
[EventRounds "9"]
[EventCountry "ROU"]
[SourceTitle "CBM 187 Extra"]
[Source "ChessBase"]
[SourceDate "2018.11.04"]
[SourceVersion "1"]
[SourceVersionDate "2018.11.04"]
[SourceQuality "1"]
[WhiteTeam "Timisoara Vest Univ"]
[BlackTeam "Ploiesti Universitar"]
[WhiteTeamCountry "ROU"]
[BlackTeamCountry "ROU"]

1. d4 d5 2. c4 e6 3. Nc3 a6 4. cxd5 exd5 5. Bf4 c6 6. e3 Bd6 7. Bxd6 Qxd6 8. Bd3 Nf6 9. Nge2 Nbd7 10. Qc2 c5 11. dxc5 Nxc5 12. 0-0 0-0 13. Rfd1 Bg4 14. Bc4 Bxe2 15. Qxe2 Rad8 16. Bxd5 Nxd5 17. Rxd5 Qc6 18. Rxd8 Rxd8 19. Rd1 Rxd1+ 20. Qxd1 h6 21. h3 Ne6 22. Qd5 Qb6 23. Qd2 Qb4 24. a3 Qb3 25. Ne4 b5 26. Nd6 h5 27. Nf5 g6 28. Nd4 Qc4 29. Nxe6 Qxe6 30. Qd4 Qc6 31. Kh2 Qc7+ 32. g3 Qc2 33. Kg2 Qc6+ 34. e4 Qc2 35. Kf3 Qb3+ 36. Kf4 Qe6 37. g4 hxg4 38. hxg4 Qe7 39. e5 Qc7 40. b4 Qc1+ 41. Qe3 Qc7 42. f3 Qd8 43. Kg3 Qd1 44. Qc3 g5 45. Kf2 Qd5 46. Ke3 Qa2 47. Ke4 Qe6 48. Qd3 Qc6+ 49. Ke3 Kg7 50. Kf2 f6 51. Qf5 Qb6+ 52. Ke2 fxe5 53. Qxg5+ Kf7 54. Qf5+ 1-0

[Event "ROM-chT"]
[Site "Baile Govora"]
[Date "2017.11.17"]
[Round "7.5"]
[White "Moldovan, Daniel"]
[Black "Barbuleanu, Serban Ioan"]
[Result "1-0"]
[WhiteElo "2432"]
[BlackElo "1990"]
[PlyCount "75"]
[EventDate "2017.11.11"]
[EventType "team-tourn"]
[EventRounds "9"]
[EventCountry "ROU"]
[SourceTitle "CBM 181 Extra"]
[Source "ChessBase"]
[SourceDate "2017.12.12"]
[SourceVersion "1"]
[SourceVersionDate "2017.12.12"]
[SourceQuality "1"]
[WhiteTeam "Ploiesti Universitar"]
[BlackTeam "Oltenia Craiova"]
[WhiteTeamCountry "ROU"]
[BlackTeamCountry "ROU"]

1. d4 Nf6 2. Nf3 g6 3. Nbd2 d5 4. e3 Bg7 5. b4 0-0 6. Bb2 Bf5 7. c4 c6 8. Be2 a5 9. b5 Nbd7 10. 0-0 Ne4 11. a4 Ndf6 12. Nxe4 Nxe4 13. Qb3 Bg4 14. Rfc1 Qd7 15. cxd5 cxd5 16. Qd1 Bxf3 17. Bxf3 f5 18. Be2 Bh6 19. g3 Rac8 20. Bd3 Qe6 21. Rxc8 Rxc8 22. Rc1 Nd6 23. Qd2 Kf7 24. Qxa5 Nc4 25. Bxc4 dxc4 26. Qd2 Qd5 27. Qe2 b6 28. Bc3 Ra8 29. Ra1 Bf8 30. f3 Bg7 31. Kg2 Rc8 32. e4 Qd6 33. Qe3 e5 34. d5 f4 35. Qd2 Bf8 36. gxf4 Qf6 37. fxe5 Qh4 38. e6+ 1-0

[Event "ROM-chT"]
[Site "Baile Govora"]
[Date "2017.11.13"]
[Round "3.3"]
[White "Moldovan, Daniel"]
[Black "Petrisor, Adrian Marian"]
[Result "1/2-1/2"]
[WhiteElo "2432"]
[BlackElo "2396"]
[PlyCount "38"]
[EventDate "2017.11.11"]
[EventType "team-tourn"]
[EventRounds "9"]
[EventCountry "ROU"]
[SourceTitle "CBM 181 Extra"]
[Source "ChessBase"]
[SourceDate "2017.12.12"]
[SourceVersion "1"]
[SourceVersionDate "2017.12.12"]
[SourceQuality "1"]
[WhiteTeam "Ploiesti Universitar"]
[BlackTeam "Arad Vados"]
[WhiteTeamCountry "ROU"]
[BlackTeamCountry "ROU"]

1. e4 e5 2. Nf3 Nc6 3. Bb5 Nf6 4. 0-0 Nxe4 5. Re1 Nd6 6. Nxe5 Be7 7. Bf1 Nxe5 8. Rxe5 0-0 9. d4 Bf6 10. Re1 Nf5 11. c3 d5 12. Bf4 Bg5 13. Bxg5 Qxg5 14. Nd2 Be6 15. Nf3 Qf6 16. Ne5 Nd6 17. Bd3 Rfe8 18. Re3 Bf5 19. Qc2 Bxd3 1/2-1/2

[Event "ROM-chT"]
[Site "Calimanesti Caciulata"]
[Date "2016.11.26"]
[Round "8.4"]
[White "Tomici, Stefan"]
[Black "Moldovan, Daniel"]
[Result "1/2-1/2"]
[WhiteElo "2275"]
[BlackElo "2434"]
[PlyCount "181"]
[EventDate "2016.11.19"]
[EventType "team-tourn"]
[EventRounds "9"]
[EventCountry "ROU"]
[SourceTitle "CBM 175 Extra"]
[Source "ChessBase"]
[SourceDate "2016.12.12"]
[SourceVersion "1"]
[SourceVersionDate "2016.12.12"]
[SourceQuality "1"]
[WhiteTeam "Timisoara Medicina"]
[BlackTeam "Ploiesti Universitar"]
[WhiteTeamCountry "ROU"]
[BlackTeamCountry "ROU"]

1. e4 c5 2. Be2 Nc6 3. f4 g6 4. Nf3 Bg7 5. 0-0 d6 6. c3 Nf6 7. d3 c4 8. Kh1 cxd3 9. Bxd3 0-0 10. Na3 b6 11. Qe2 Bb7 12. Bd2 a6 13. Rad1 Qc7 14. Bc1 b5 15. c4 Nb4 16. e5 Nxd3 17. Rxd3 dxe5 18. Nxe5 bxc4 19. Naxc4 Rad8 20. Rxd8 Rxd8 21. Bd2 Rd5 22. Rc1 Rd4 23. Ba5 Qb8 24. Qf2 Rd5 25. b4 Ne4 26. Qb6 Rb5 27. Qe3 Nd6 28. h3 Nxc4 29. Nxc4 Bh6 30. Rf1 Rf5 31. Qxe7 Rxf4 32. Rd1 Bf8 33. Qe2 Qc8 34. Ne3 Qxh3+ 35. Kg1 Qh4 36. Bd8 Qh5 37. Qxh5 gxh5 38. a3 h6 39. Bc7 Re4 40. Bb6 Re6 41. Bd4 Be4 42. Rc1 Rc6 43. Rxc6 Bxc6 44. Kf2 Kh7 45. Nc4 Be7 46. Ne5 Bd5 47. Bc3 h4 48. Kg1 Bg5 49. a4 f6 50. Nf3 Kg6 51. b5 axb5 52. axb5 Bc4 53. b6 Be3+ 54. Kh2 Bxb6 55. Nxh4+ Kf7 56. Nf5 Bc7+ 57. Kg1 h5 58. Kf2 Bd3 59. Ne3 Be4 60. g3 Ke6 61. Bd4 Be5 62. Ba7 Ba1 63. Bb6 Be5 64. Ba7 Bc7 65. Bd4 Ba8 66. Bc5 Ke5 67. Ba7 Bb7 68. Bc5 Ke4 69. Ng2 Be5 70. Bb6 Bc8 71. Ba7 Bc7 72. Bc5 Kd5 73. Ba7 Ke4 74. Bc5 Kf5 75. Ne3+ Ke4 76. Ng2 Be5 77. Ba7 Bh3 78. Nf4 Bg4 79. Ng2 Bd4+ 80. Bxd4 Kxd4 81. Nf4 Ke4 82. Ng6 Bd7 83. Nh4 Bc6 84. Ng2 Ke5 85. Ne3 Be4 86. Nc4+ Kd4 87. Ne3 Bb1 88. Kf3 Bd3 89. Kf4 Bg6 90. Nf5+ Kd3 91. Ng7 1/2-1/2

[Event "Cap Aurora op 20th"]
[Site "Cap Aurora"]
[Date "2016.06.27"]
[Round "4"]
[White "Moldovan, Daniel"]
[Black "Vasiesiu, Victor"]
[Result "1-0"]
[WhiteElo "2426"]
[BlackElo "2137"]
[PlyCount "35"]
[EventDate "2016.06.25"]
[EventType "swiss"]
[EventRounds "9"]
[EventCountry "ROU"]
[SourceTitle "CBM 173 Extra"]
[Source "ChessBase"]
[SourceDate "2016.08.29"]
[SourceVersion "1"]
[SourceVersionDate "2016.08.29"]
[SourceQuality "1"]

1. g3 g6 2. Bg2 Bg7 3. e4 d6 4. d4 c5 5. Ne2 cxd4 6. Nxd4 Nc6 7. Ne2 Nf6 8. Nbc3 h5 9. h3 Bd7 10. 0-0 Ne5 11. f4 Nc6 12. Nd5 Rc8 13. Be3 0-0 14. Rc1 Na5 15. b3 b5 16. Bxa7 Nxd5 17. exd5 Bf5 18. Bd4 1-0

[Event "Cap Aurora op 20th"]
[Site "Cap Aurora"]
[Date "2016.06.26"]
[Round "2"]
[White "Moldovan, Daniel"]
[Black "Danut, Radu"]
[Result "1-0"]
[WhiteElo "2426"]
[BlackElo "2078"]
[PlyCount "81"]
[EventDate "2016.06.25"]
[EventType "swiss"]
[EventRounds "9"]
[EventCountry "ROU"]
[SourceTitle "CBM 173 Extra"]
[Source "ChessBase"]
[SourceDate "2016.08.29"]
[SourceVersion "1"]
[SourceVersionDate "2016.08.29"]
[SourceQuality "1"]

1. e4 c5 2. Nc3 Nc6 3. Nge2 Nf6 4. g3 d5 5. exd5 Nxd5 6. Bg2 Nc7 7. 0-0 g6 8. d3 Bg7 9. Ne4 Ne6 10. Nf4 Ncd4 11. c3 Nxf4 12. Bxf4 Ne6 13. Be3 Qa5 14. Nxc5 Nxc5 15. b4 Qa3 16. bxc5 0-0 17. Rb1 Qxa2 18. Bxb7 Bxb7 19. Rxb7 Bxc3 20. Rxe7 a5 21. Re4 Rfd8 22. Ra4 Qe6 23. d4 Bb4 24. Qf3 Rac8 25. Rc1 Rd5 26. Raa1 Rc6 27. Rc2 Rf5 28. Qe2 Rh5 29. Bf4 Qc8 30. Bd6 Kg7 31. Qe4 Qd7 32. d5 Rxd6 33. cxd6 Qxd6 34. Qd4+ Qe5 35. Rd1 Qxd4 36. Rxd4 Re5 37. d6 Re8 38. d7 Rd8 39. Rc8 Be7 40. Rxd8 Bxd8 41. Re4 1-0

[Event "ROM-chT "]
[Site "Mamaia"]
[Date "2015.10.08"]
[Round "6.5"]
[White "Marin, Mihail"]
[Black "Moldovan, Daniel"]
[Result "1-0"]
[WhiteElo "2580"]
[BlackElo "2438"]
[PlyCount "66"]
[EventDate "2015.10.03"]
[EventType "team-tourn"]
[EventRounds "9"]
[EventCountry "ROU"]
[SourceTitle "CBM 168 Extra"]
[Source "ChessBase"]
[SourceDate "2015.10.29"]
[SourceVersion "1"]
[SourceVersionDate "2015.10.29"]
[SourceQuality "1"]
[WhiteTeam "Bucharest Apa Nova"]
[BlackTeam "Ploiesti CSU"]
[WhiteTeamCountry "ROU"]
[BlackTeamCountry "ROU"]

1. Nf3 g6 2. c4 Bg7 3. d4 c5 4. d5 Nf6 5. Nc3 0-0 6. e4 d6 7. h3 e6 8. Bd3 exd5 9. exd5 Re8+ 10. Be3 b5 11. Nxb5 Ne4 12. 0-0 a6 13. Nc3 Nxc3 14. bxc3 Nd7 15. Qd2 Ne5 16. Nxe5 Bxe5 17. Rac1 f5 18. Rfe1 Bd7 19. Bg5 Qc7 20. h4 h5 21. g3 Bg7 22. Bf4 Rxe1+ 23. Rxe1 Re8 24. Rb1 Rb8 25. Rb3 a5 26. Qb2 Rxb3 27. axb3 a4 28. b4 cxb4 29. Qxb4 Bf8 30. Bc2 Qa7 31. Bxd6 a3 32. Bb3 Bxd6 33. Qxd6 Be8 1-0

[Event "ROM-chT "]
[Site "Mamaia"]
[Date "2015.10.07"]
[Round "5.1"]
[White "Vovk, Andrey"]
[Black "Moldovan, Daniel"]
[Result "1/2-1/2"]
[WhiteElo "2619"]
[BlackElo "2438"]
[PlyCount "61"]
[EventDate "2015.10.03"]
[EventType "team-tourn"]
[EventRounds "9"]
[EventCountry "ROU"]
[SourceTitle "CBM 168 Extra"]
[Source "ChessBase"]
[SourceDate "2015.10.29"]
[SourceVersion "1"]
[SourceVersionDate "2015.10.29"]
[SourceQuality "1"]
[WhiteTeam "Timisoara Luxten"]
[BlackTeam "Ploiesti CSU"]
[WhiteTeamCountry "ROU"]
[BlackTeamCountry "ROU"]

1. e4 c5 2. Nf3 Nc6 3. d4 cxd4 4. Nxd4 e5 5. Nb5 a6 6. Nd6+ Bxd6 7. Qxd6 Qe7 8. Qxe7+ Ngxe7 9. c4 Nd4 10. Bd3 d6 11. Nc3 Be6 12. b3 Rc8 13. Kd2 0-0 14. Ba3 Rcd8 15. Nd5 Nec6 16. Nb6 f5 17. f3 fxe4 18. Bxe4 Bf5 19. Rae1 Bxe4 20. Rxe4 Rf6 21. Rf1 Ne6 22. Nd5 Rf7 23. Rd1 b5 24. Kc3 Ncd4 25. f4 a5 26. Bc1 bxc4 27. bxc4 Nc5 28. Ree1 Na4+ 29. Kd3 Nc5+ 30. Kc3 Na4+ 31. Kd3 1/2-1/2

[Event "ROM-chT "]
[Site "Mamaia"]
[Date "2015.10.05"]
[Round "3.2"]
[White "Svetushkin, Dmitry"]
[Black "Moldovan, Daniel"]
[Result "1-0"]
[WhiteElo "2586"]
[BlackElo "2438"]
[PlyCount "87"]
[EventDate "2015.10.03"]
[EventType "team-tourn"]
[EventRounds "9"]
[EventCountry "ROU"]
[SourceTitle "CBM 168 Extra"]
[Source "ChessBase"]
[SourceDate "2015.10.29"]
[SourceVersion "1"]
[SourceVersionDate "2015.10.29"]
[SourceQuality "1"]
[WhiteTeam "Iasi Politehnica"]
[BlackTeam "Ploiesti CSU"]
[WhiteTeamCountry "ROU"]
[BlackTeamCountry "ROU"]

1. e4 c5 2. Nf3 Nc6 3. Bb5 g6 4. Bxc6 dxc6 5. d3 Bg7 6. Nc3 Nf6 7. h3 0-0 8. Bf4 Re8 9. Qd2 c4 10. d4 b5 11. Qe3 Bb7 12. a3 Qb6 13. 0-0 Rac8 14. e5 Nd5 15. Nxd5 cxd5 16. Bh6 Rcd8 17. Rfe1 Bc8 18. g4 Qc6 19. Nh4 f6 20. Bxg7 Kxg7 21. f4 fxe5 22. Qxe5+ Qf6 23. Kg2 Rd6 24. Qxf6+ Rxf6 25. Kg3 e6 26. Re5 Ref8 27. Ng2 R6f7 28. h4 a5 29. h5 Bd7 30. Rh1 Bc8 31. g5 gxh5 32. Rxh5 b4 33. Re1 e5 34. Rxe5 c3 35. bxc3 bxa3 36. Rh1 Rc7 37. Ra1 Rxc3+ 38. Re3 Rxc2 39. Raxa3 Bf5 40. Re7+ Kg8 41. Ne3 Rd2 42. Nxd5 Rxd4 43. Nf6+ Kh8 44. Rxa5 1-0

[Event "ROM-chT"]
[Site "Calimanesti"]
[Date "2014.11.10"]
[Round "3.4"]
[White "Moldovan, Daniel"]
[Black "Nanu, Ciprian Costica"]
[Result "1/2-1/2"]
[WhiteElo "2440"]
[BlackElo "2513"]
[PlyCount "31"]
[EventDate "2014.11.08"]
[EventType "team-tourn"]
[EventRounds "9"]
[EventCountry "ROU"]
[SourceTitle "EXT 2015"]
[Source "ChessBase"]
[SourceDate "2014.11.20"]
[SourceVersion "1"]
[SourceVersionDate "2014.11.20"]
[SourceQuality "1"]
[WhiteTeam "Terchirghol Victoria"]
[BlackTeam "Iasi Politehnica"]
[WhiteTeamCountry "ROU"]
[BlackTeamCountry "ROU"]

1. e4 c6 2. d4 d5 3. exd5 cxd5 4. Bd3 Nc6 5. c3 Nf6 6. Bf4 Bg4 7. Qb3 Qc8 8. Nd2 e6 9. Ngf3 Be7 10. Ne5 Bh5 11. Ndf3 Nd7 12. 0-0 Ndxe5 13. Nxe5 Nxe5 14. Bxe5 0-0 15. Rfe1 Bg6 16. Bf1 1/2-1/2

[Event "ROM-chT"]
[Site "Calimanesti"]
[Date "2014.11.09"]
[Round "2.3"]
[White "Parligras, Mircea Emilian"]
[Black "Moldovan, Daniel"]
[Result "1/2-1/2"]
[WhiteElo "2594"]
[BlackElo "2440"]
[PlyCount "37"]
[EventDate "2014.11.08"]
[EventType "team-tourn"]
[EventRounds "9"]
[EventCountry "ROU"]
[SourceTitle "EXT 2015"]
[Source "ChessBase"]
[SourceDate "2014.11.20"]
[SourceVersion "1"]
[SourceVersionDate "2014.11.20"]
[SourceQuality "1"]
[WhiteTeam "Timisoara Luxten"]
[BlackTeam "Terchirghol Victoria"]
[WhiteTeamCountry "ROU"]
[BlackTeamCountry "ROU"]

1. d4 Nf6 2. c4 c5 3. d5 e6 4. Nc3 exd5 5. cxd5 Bd6 6. Nf3 0-0 7. Bg5 Re8 8. e3 a6 9. a4 Bf8 10. Bd3 d6 11. Qc2 h6 12. Bh4 Nbd7 13. 0-0 g5 14. Bg3 Nh5 15. Ne2 Ndf6 16. e4 Bg4 17. h3 Bxf3 18. gxf3 Nd7 19. f4 1/2-1/2

[Event "ROM-chT"]
[Site "Calimanesti"]
[Date "2014.11.08"]
[Round "1.3"]
[White "Moldovan, Daniel"]
[Black "Georgescu, Tiberiu Marian"]
[Result "1/2-1/2"]
[WhiteElo "2440"]
[BlackElo "2472"]
[PlyCount "34"]
[EventDate "2014.11.08"]
[EventType "team-tourn"]
[EventRounds "9"]
[EventCountry "ROU"]
[SourceTitle "EXT 2015"]
[Source "ChessBase"]
[SourceDate "2014.11.20"]
[SourceVersion "1"]
[SourceVersionDate "2014.11.20"]
[SourceQuality "1"]
[WhiteTeam "Terchirghol Victoria"]
[BlackTeam "Bucharest Apa Nova"]
[WhiteTeamCountry "ROU"]
[BlackTeamCountry "ROU"]

1. e4 e6 2. d4 d5 3. Nc3 Nf6 4. Bg5 Bb4 5. e5 h6 6. Bd2 Bxc3 7. Bxc3 Ne4 8. Bb4 c5 9. Bxc5 Nxc5 10. dxc5 Nd7 11. Nf3 Nxc5 12. Qd4 Qb6 13. a4 Bd7 14. a5 Qc7 15. b4 Na6 16. Bd3 0-0 17. 0-0 Rfc8 1/2-1/2

[Event "ROM-chT"]
[Site "Brasov"]
[Date "2011.10.12"]
[Round "5.2"]
[White "Moldovan, Daniel"]
[Black "Fedorov, Alexei"]
[Result "1/2-1/2"]
[WhiteElo "2436"]
[BlackElo "2609"]
[PlyCount "69"]
[EventDate "2011.10.08"]
[EventType "team-tourn"]
[EventRounds "9"]
[EventCountry "ROU"]
[SourceTitle "CBM 144 Extra"]
[Source "ChessBase"]
[SourceDate "2011.10.28"]
[SourceVersion "1"]
[SourceVersionDate "2011.10.28"]
[SourceQuality "1"]
[WhiteTeam "Techirghiol Victoria"]
[BlackTeam "Bucharest Apa Nova"]
[WhiteTeamCountry "ROU"]
[BlackTeamCountry "ROU"]

1. d4 Nf6 2. Nf3 g6 3. Nc3 d5 4. Bf4 Bg7 5. e3 0-0 6. Be2 c6 7. Ne5 Nfd7 8. Qd2 b5 9. a3 Nb6 10. 0-0 f6 11. Nf3 Bf5 12. b3 N8d7 13. a4 b4 14. Na2 a5 15. c3 e5 16. Bg3 c5 17. cxb4 cxb4 18. dxe5 fxe5 19. Rac1 Be4 20. Rfd1 Rc8 21. Rxc8 Nxc8 22. Qc1 Ncb6 23. Nd2 Bf5 24. e4 dxe4 25. Nc4 Nxc4 26. Bxc4+ Kh8 27. Bb5 Qc8 28. Qxc8 Rxc8 29. Bxd7 Rd8 30. Bh4 Rxd7 31. Rxd7 Bxd7 32. Bd8 Be6 33. Bxa5 Bxb3 34. Nxb4 Bxa4 35. Nd5 1/2-1/2

[Event "Eforie Nord op 2nd"]
[Site "Eforie Nord"]
[Date "2010.06.24"]
[Round "8"]
[White "Moldovan, Daniel"]
[Black "Garbea, Bogdan"]
[Result "1-0"]
[WhiteElo "2423"]
[BlackElo "2270"]
[PlyCount "131"]
[EventDate "2010.06.18"]
[EventType "swiss"]
[EventRounds "11"]
[EventCountry "ROU"]
[SourceTitle "CBM 137 Extra"]
[Source "ChessBase"]
[SourceDate "2010.09.01"]
[SourceVersion "1"]
[SourceVersionDate "2010.09.01"]
[SourceQuality "1"]

1. d4 Nf6 2. Nf3 g6 3. c4 d6 4. Nc3 Bg7 5. Bg5 0-0 6. e3 c5 7. d5 e6 8. Be2 exd5 9. cxd5 a6 10. a4 Qc7 11. Nd2 Nbd7 12. 0-0 Rb8 13. a5 b5 14. axb6 Rxb6 15. Nc4 Rb4 16. Bf4 Ne8 17. Ne4 Ne5 18. Nexd6 Nxd6 19. Bxe5 Bxe5 20. Nxe5 c4 21. Rc1 Re8 22. Nxc4 Nxc4 23. b3 Nxe3 24. Rxc7 Nxd1 25. Rxd1 Rxe2 26. Rxc8+ Kg7 27. Kf1 Ree4 28. d6 Red4 29. Rxd4 Rxd4 30. Rc6 a5 31. Ra6 Rd5 32. d7 Rxd7 33. Rxa5 Rb7 34. Ra3 Kf6 35. Ke2 Ke5 36. Kd3 Rd7+ 37. Kc3 Rc7+ 38. Kb2 f5 39. b4 Kd4 40. Rb3 Rb7 41. b5 Kc5 42. Kc3 Kb6 43. Kd4 Rd7+ 44. Ke3 Rc7 45. h4 Rc4 46. g3 Rg4 47. Kf3 h5 48. Kg2 f4 49. Kh3 g5 50. hxg5 Rxg5 51. Kh4 Rf5 52. g4 hxg4 53. Kxg4 Rf8 54. f3 Rf7 55. Kg5 Rf8 56. Rb1 Rf7 57. Rb2 Rf8 58. Kg6 Re8 59. Kf5 Rf8+ 60. Ke5 Rf7 61. Rb4 Rf8 62. Rxf4 Re8+ 63. Kd6 Kxb5 64. Re4 Rd8+ 65. Ke7 Rd1 66. f4 1-0

[Event "Eforie Nord op 2nd"]
[Site "Eforie Nord"]
[Date "2010.06.22"]
[Round "6"]
[White "Moldovan, Daniel"]
[Black "Mekhitarian, Krikor Sevag"]
[Result "1/2-1/2"]
[WhiteElo "2423"]
[BlackElo "2499"]
[PlyCount "161"]
[EventDate "2010.06.18"]
[EventType "swiss"]
[EventRounds "11"]
[EventCountry "ROU"]
[SourceTitle "CBM 137 Extra"]
[Source "ChessBase"]
[SourceDate "2010.09.01"]
[SourceVersion "1"]
[SourceVersionDate "2010.09.01"]
[SourceQuality "1"]

1. d4 Nf6 2. c4 g6 3. Nf3 Bg7 4. Nc3 d5 5. cxd5 Nxd5 6. e4 Nxc3 7. bxc3 c5 8. Be3 Qa5 9. Qd2 0-0 10. Rc1 Rd8 11. d5 e6 12. c4 Qxd2+ 13. Nxd2 Na6 14. Be2 b6 15. 0-0 Nb4 16. a3 Na2 17. Rc2 Nc3 18. Bf3 exd5 19. cxd5 Ba6 20. Rfc1 Ne2+ 21. Bxe2 Bxe2 22. f3 Bd3 23. Rc3 Bxc3 24. Rxc3 Bb5 25. Bg5 Rd7 26. Bf6 Re8 27. g4 Rxd5 28. exd5 Re1+ 29. Kf2 Re2+ 30. Kg3 Rxd2 31. a4 Bd7 32. a5 Rxd5 33. axb6 axb6 34. Ra3 Bc6 35. g5 Kf8 36. Ra6 Ke8 37. Rxb6 Kd7 38. Rb3 Rd1 39. Ra3 Bd5 40. Be5 Kc6 41. Kf2 Kb5 42. Ke2 Rb1 43. f4 Be6 44. Kd2 Rh1 45. f5 Bxf5 46. Ra1 Bb1 47. Kc3 Kc6 48. Kb2 Kd5 49. Bf6 Be4 50. Rxh1 Bxh1 51. Kc3 Be4 52. Kd2 Ke6 53. Ke3 Kf5 54. Be7 c4 55. Kd4 Bd3 56. Bd8 Ke6 57. Ke3 Bf1 58. Kd4 Kf5 59. Be7 Ke6 60. Bd8 Kd6 61. Bf6 Kc6 62. Ke4 Bg2+ 63. Ke3 Bd5 64. Bc3 Kb5 65. h4 Ka4 66. Kd2 Kb3 67. Be5 Be6 68. Bf6 Kb4 69. Bc3+ Kc5 70. Ke3 Kd5 71. Kf4 Bd7 72. Bf6 Kc5 73. Bc3 Be6 74. Ke3 f5 75. gxf6 h6 76. Be5 Kb4 77. Bf4 h5 78. Kd2 Kc5 79. Kc3 Kd5 80. f7 Bxf7 81. Bg5 1/2-1/2

[Event "Eforie Nord op 2nd"]
[Site "Eforie Nord"]
[Date "2010.06.19"]
[Round "2"]
[White "Moldovan, Daniel"]
[Black "Postolache, Viorel"]
[Result "1-0"]
[WhiteElo "2423"]
[BlackElo "2142"]
[PlyCount "89"]
[EventDate "2010.06.18"]
[EventType "swiss"]
[EventRounds "11"]
[EventCountry "ROU"]
[SourceTitle "CBM 137 Extra"]
[Source "ChessBase"]
[SourceDate "2010.09.01"]
[SourceVersion "1"]
[SourceVersionDate "2010.09.01"]
[SourceQuality "1"]

1. e4 c5 2. Nf3 d6 3. d4 cxd4 4. Nxd4 Nf6 5. Nc3 a6 6. Be3 Ng4 7. Bg5 h6 8. Bh4 g5 9. Bg3 Bg7 10. Be2 h5 11. Bxg4 Bxg4 12. f3 Bd7 13. Bf2 Nc6 14. Qd2 Ne5 15. b3 Rc8 16. Nce2 b5 17. 0-0 Bf6 18. Be3 Rg8 19. Kh1 e6 20. Rad1 Qc7 21. c3 Ke7 22. Rc1 Rg7 23. f4 Ng4 24. fxg5 Be5 25. Bf4 Qb7 26. h3 Qxe4 27. Ng3 Bxf4 28. Rxf4 Qe3 29. Ngf5+ exf5 30. Re1 Qxe1+ 31. Qxe1+ Ne5 32. Nxf5+ Bxf5 33. Rxf5 Rg6 34. Qd2 Rc6 35. Qd5 Rc7 36. Qa8 Ke6 37. Rf2 Rc6 38. Qe8+ Kd5 39. Rd2+ Ke4 40. Qa8 Kf5 41. Rf2+ Kxg5 42. Rxf7 Rxc3 43. Qd8+ Kh6 44. Rf5 Kh7 45. Qe7+ 1-0

[Event "Eforie Nord op 2nd"]
[Site "Eforie Nord"]
[Date "2010.06.18"]
[Round "1"]
[White "Iovcov, Valerii"]
[Black "Moldovan, Daniel"]
[Result "0-1"]
[WhiteElo "1932"]
[BlackElo "2423"]
[PlyCount "38"]
[EventDate "2010.06.18"]
[EventType "swiss"]
[EventRounds "11"]
[EventCountry "ROU"]
[SourceTitle "CBM 137 Extra"]
[Source "ChessBase"]
[SourceDate "2010.09.01"]
[SourceVersion "1"]
[SourceVersionDate "2010.09.01"]
[SourceQuality "1"]

1. e4 g6 2. d4 Bg7 3. Nc3 d6 4. h3 a6 5. a4 Nf6 6. Be3 0-0 7. Nge2 e5 8. g3 Nc6 9. Bg2 exd4 10. Nxd4 Bd7 11. 0-0 Re8 12. Qd2 Ne5 13. b3 c5 14. Nde2 Bxh3 15. f4 Bxg2 16. fxe5 Nxe4 17. Qd5 Bxf1 18. Rxf1 Nxc3 19. Nxc3 Qd7 0-1

[Event "ROM-ch"]
[Site "Cluj"]
[Date "2008.03.01"]
[Round "8"]
[White "Moldovan, Daniel"]
[Black "Garbea, Bogdan"]
[Result "1-0"]
[WhiteElo "2446"]
[BlackElo "2161"]
[PlyCount "47"]
[EventDate "2008.02.25"]
[EventType "swiss"]
[EventRounds "9"]
[EventCountry "ROU"]
[SourceTitle "CBM 123 Extra"]
[Source "ChessBase"]
[SourceDate "2008.05.06"]
[SourceVersion "1"]
[SourceVersionDate "2008.05.06"]
[SourceQuality "1"]

1. g3 Nf6 2. Bg2 d6 3. d4 g6 4. e4 Bg7 5. Nc3 0-0 6. Nge2 Nbd7 7. 0-0 c5 8. h3 cxd4 9. Nxd4 Nc5 10. Be3 Bd7 11. Nb3 Nxb3 12. axb3 a6 13. Re1 Bc6 14. Nd5 Nd7 15. c3 b5 16. Bg5 Re8 17. e5 Nxe5 18. Nxe7+ Rxe7 19. Bxe7 Qxe7 20. Bxc6 Ra7 21. Bg2 Qc7 22. Qd5 b4 23. cxb4 Qb6 24. b5 1-0